Statistiken für Liedtext - Bruttosozialprodukt - Geier Struzflug

Klicken Sie hier um das Quiz zu spielen!

Allgemein

  • Dieses Quiz wurde 650 mal gespielt
  • Das Durchschnittsergebnis liegt bei 228 aus 286

Antwortstatistiken

Textquiz% Korrekt
Die
98%
die
98%
Wir
98%
Bruttosozialprodukt
97%
das
97%
in
97%
In
97%
gespuckt
96%
Hände
96%
wieder
96%
Jetzt
95%
jetzt
95%
steigern
95%
wird
95%
Ja
94%
ja
94%
am
87%
Und
86%
und
86%
Wenn
86%
Morgen
83%
der
82%
Der
82%
früh
82%
dann
77%
Dann
77%
Werkssirene
76%
dröhnt
75%
Werkssirene
74%
ein
73%
lustvoll
73%
stöhnt
73%
er
72%
beim
70%
Sie
67%
sie
67%
ist
66%
mit
66%
Schon
66%
schon
66%
Montagehalle
65%
'nen
65%
sein
65%
den
64%
sich
64%
Stechen
64%
An
62%
Krankenschwester
61%
macht
61%
Opa
61%
Stechuhr
61%
weg
61%
Kranker
60%
Oma
60%
Bein
59%
kriegt
59%
zu
59%
dass
58%
ihm
58%
prahlt
58%
rein
58%
auf
57%
Fabrik
57%
hat
57%
letztes
57%
im
56%
kniet
56%
strahlt
56%
Denn
55%
Sonderschicht
55%
heute
54%
Neonsonne
54%
Sonntag
54%
Riesenschreck
53%
Stapelgabel
53%
eindringt
52%
mächtig
52%
zusammen
52%
Fahrrad
51%
heimlich
50%
schwingt
50%
amputierten
49%
Angst
48%
alle
47%
Gabelstaplerführer
47%
zusammenbricht
47%
geht
46%
Müllabfuhr
46%
nicht
46%
einen
45%
ganzen
45%
holt
45%
kommt
45%
takt
45%
Plunder
44%
singen
44%
Arbeitstakt
43%
mehr
43%
nach
42%
Weihnachten
42%
sagen
41%
dem
40%
gepackt
40%
immer
40%
Mittwoch
40%
Abfalleimer
38%
rum
38%
werden
38%
bunter
37%
liegen
35%
sagt
35%
Arbeitswut
34%
andern
32%
Gabentische
32%
puh-uh-uh-uh
31%

Verteilung der Resultate

Perzentil nach korrekt beantworteten Fragen

Anzahl Personen mit jedem Resultat

Ihre Resultats-Entwicklung

Sie haben dieses Quiz noch nicht gespielt